000 00555nam a22002057a 4500
003 OSt
005 20251003165125.0
008 180315b xxu||||| |||| 00| 0 eng d
020 _a9780323297387
040 _cDNLM
082 _aWK100 W671s 2016
100 _aMelmed, Shlomo [et...al]
_912527
245 _aWilliams Textbook of Endocrinology
250 _a13th ed.
260 _aPhiladelphia; Elsevier, 2016
300 _axviii,1916p; col.ill: 28cm
504 _aReferences, & index included
650 _aEndocrinology
_92229
942 _2z
_cO_SHELF
999 _c6043
_d6043